Statistics for Random Geography- Tile Select

Click here to take the quiz!

General Stats

  • This quiz has been taken 238 times
  • The average score is 36 of 45

Answer Stats

QuestionTileSelect% Correct
languages that have over 150 million speakersEnglishYes
97%
languages that have over 150 million speakersLahndaNo
97%
rivers that are longer than 4,000 kmAmazonYes
96%
island groupings or islands that are independentBaffin IslandNo
96%
languages that have over 150 million speakersSpanishYes
96%
rivers that are longer than 4,000 kmNileYes
95%
cities that have over 10 Million People (Metropolitan Area)Mexico CityYes
94%
island groupings or islands that are independentReunionNo
94%
countries that were on the Allied side in World War IIUnited KingdomYes
94%
languages that have over 150 million speakersArabicYes
92%
languages that have over 150 million speakersDutchNo
92%
countries that were on the Allied side in World War IIJapanNo
92%
island groupings or islands that are independentSeychellesYes
92%
island groupings or islands that are independentAzoresNo
91%
island groupings or islands that are independentFijiYes
91%
island groupings or islands that are independentGreenlandNo
90%
island groupings or islands that are independentMadagascarYes
90%
languages that have over 150 million speakersHindiYes
88%
rivers that are longer than 4,000 kmMurrayNo
88%
rivers that are longer than 4,000 kmYukonNo
87%
countries that were on the Allied side in World War IICanadaYes
86%
island groupings or islands that are independentPalauYes
86%
island groupings or islands that are independentArubaNo
85%
cities that have over 10 Million People (Metropolitan Area)Sao PauloYes
85%
cities that have over 10 Million People (Metropolitan Area)SydneyNo
83%
languages that have over 150 million speakersMalayNo
82%
cities that have over 10 Million People (Metropolitan Area)RomeNo
81%
cities that have over 10 Million People (Metropolitan Area)KolkataYes
80%
rivers that are longer than 4,000 kmMississippiYes
79%
cities that have over 10 Million People (Metropolitan Area)MoscowYes
79%
languages that have over 150 million speakersGermanNo
78%
rivers that are longer than 4,000 kmRio GrandeNo
78%
countries that were on the Allied side in World War IIEthiopiaNo
73%
languages that have over 150 million speakersPortugueseYes
73%
countries that were on the Allied side in World War IIAustriaNo
68%
countries that were on the Allied side in World War IISoviet UnionYes
67%
cities that have over 10 Million People (Metropolitan Area)ChicagoNo
64%
countries that were on the Allied side in World War IICzechoslovakiaNo
62%
countries that were on the Allied side in World War IISpainNo
61%
rivers that are longer than 4,000 kmCongoYes
60%
cities that have over 10 Million People (Metropolitan Area)HanoiNo
60%
rivers that are longer than 4,000 kmVolgaNo
48%
cities that have over 10 Million People (Metropolitan Area)LahoreYes
47%
rivers that are longer than 4,000 kmYellowNo
39%
countries that were on the Allied side in World War IIChinaYes
33%

Score Distribution

Percentile by Number Answered

Percent of People with Each Score

Your Score History

You have not taken this quiz